[Event "EU-Cup 32nd"]
[Site "Novi Sad"]
[Date "2016.11.12"]
[Round "7.6"]
[White "Charmeteau, Sven"]
[Black "Rieger, Robert"]
[Result "1-0"]
[WhiteElo "2305"]
[BlackElo "2287"]
[PlyCount "77"]
[EventDate "2016.11.06"]
[EventType "team-swiss"]
[EventRounds "7"]
[EventCountry "SRB"]
[SourceTitle "CBM 176"]
[Source "ChessBase"]
[SourceDate "2017.01.17"]
[SourceVersion "1"]
[SourceVersionDate "2017.01.17"]
[SourceQuality "1"]
[WhiteTeam "Werder Bremen"]
[BlackTeam "Maria Saal"]
[WhiteTeamCountry "GER"]
[BlackTeamCountry "AUT"]

1. e4 c5 2. Nf3 Nc6 3. d4 cxd4 4. Nxd4 Nf6 5. Nc3 e5 6. Ndb5 d6 7. Bg5 a6 8. Na3 b5 9. Bxf6 gxf6 10. Nd5 f5 11. Bd3 Be6 12. c3 Bg7 13. Nxb5 axb5 14. Bxb5 Bd7 15. exf5 0-0 16. 0-0 f6 17. Qg4 Rb8 18. Qa4 Ra8 19. Qe4 Rc8 20. Rfd1 Ne7 21. Bxd7 Qxd7 22. a4 Nxd5 23. Rxd5 Qb7 24. Rb1 Rfe8 25. Qd3 Bf8 26. Rb5 Qc6 27. f3 e4 28. fxe4 Rxe4 29. a5 Re5 30. Rxe5 dxe5 31. Ra1 e4 32. Qg3+ Kh8 33. Kh1 Bc5 34. a6 Rg8 35. Qe1 e3 36. Qe2 Ba7 37. Rd1 Qe4 38. h3 Qxf5 39. Rf1 1-0

[Event "EU-Cup 32nd"]
[Site "Novi Sad"]
[Date "2016.11.11"]
[Round "6.6"]
[White "Toma, Radu Cristian"]
[Black "Charmeteau, Sven"]
[Result "1-0"]
[WhiteElo "2368"]
[BlackElo "2305"]
[PlyCount "113"]
[EventDate "2016.11.06"]
[EventType "team-swiss"]
[EventRounds "7"]
[EventCountry "SRB"]
[SourceTitle "CBM 176"]
[Source "ChessBase"]
[SourceDate "2017.01.17"]
[SourceVersion "1"]
[SourceVersionDate "2017.01.17"]
[SourceQuality "1"]
[WhiteTeam "Timisoara Luxten"]
[BlackTeam "Werder Bremen"]
[WhiteTeamCountry "ROU"]
[BlackTeamCountry "GER"]

1. Nf3 Nf6 2. c4 c5 3. g3 d5 4. cxd5 Nxd5 5. Bg2 Nc6 6. 0-0 e5 7. Nc3 Be6 8. d3 Be7 9. Bd2 0-0 10. Nxd5 Bxd5 11. Bc3 f6 12. Nd2 Bxg2 13. Kxg2 Qd5+ 14. Kg1 Rad8 15. Qa4 Rfe8 16. Rfe1 Rd7 17. Rad1 a6 18. Nf1 b5 19. Qg4 Rdd8 20. Ne3 Qd7 21. Qe4 g6 22. b3 f5 23. Qg2 h5 24. Nf1 Kh7 25. a4 Qe6 26. axb5 axb5 27. Ra1 Ra8 28. Bxe5 Rxa1 29. Bxa1 Nb4 30. Ne3 Bg5 31. Qb7+ Re7 32. Qb8 Re8 33. Qa7+ Qe7 34. Qxe7+ Rxe7 35. Bc3 Nc6 36. Nd5 Rd7 37. e4 fxe4 38. dxe4 Ra7 39. f4 Bd8 40. e5 b4 41. Bb2 Ra2 42. Bc1 Nd4 43. Rd1 Ra1 44. Kg2 Nxb3 45. Nxb4 cxb4 46. Rd7+ Kh6 47. Be3 Ra8 48. h4 g5 49. f5 Na5 50. hxg5+ Bxg5 51. Rd6+ Kg7 52. Bxg5 Rb8 53. Rd7+ Kg8 54. e6 b3 55. Bf6 b2 56. Rg7+ Kf8 57. Rh7 1-0